000 00582nam a2200229Ia 4500
003 OSt
005 20220924150719.0
006 a|||||r|||| 00| 0
007 ta
008 220923b |||||||| |||| 00| 0 tel d
024 _a334298
037 _cTextual
040 _aARTS
_cARTS
_btel
041 _2tel
_atel
082 _aO35,2NVE4,1, J9
100 _aJamannaru Venkatara
_9222759
245 0 _aManorama
260 _c1959
650 _aTELUGU DRAMA
_9173432
942 _hO35,2NVE4,1, J9
_cTEXL
_2CC
999 _c464269
_d464269